Introduction to functional analysis for scientists and technologists / (Record no. 7016)
[ view plain ]
| 000 -LEADER | |
|---|---|
| fixed length control field | 01193nam a2200313 a 4500 |
| 001 - CONTROL NUMBER | |
| control field | 7016 |
| 003 - CONTROL NUMBER IDENTIFIER | |
| rucl marc code | BD-RjUL |
| 005 - DATE AND TIME OF LATEST TRANSACTION | |
| control field | 20211208234343.0 |
| 008 - FIXED-LENGTH DATA ELEMENTS--GENERAL INFORMATION | |
| fixed length control field | 140113t1963 enka b 001 0 eng d |
| 035 ## - SYSTEM CONTROL NUMBER | |
| System control number | (BD-RjUL)7058 |
| 040 ## - CATALOGING SOURCE | |
| Original cataloging agency | BD-RjUL |
| Language of cataloging | eng |
| Transcribing agency | BD-RjUL |
| Modifying agency | BD-RjUL |
| 041 1# - LANGUAGE CODE | |
| Language code of text/sound track or separate title | eng |
| Language code of original | rus |
| 082 04 - DEWEY DECIMAL CLASSIFICATION NUMBER | |
| Edition number | 16 |
| Classification number | 515.7 |
| Author mark and year | VUI 1963 |
| 100 1# - MAIN ENTRY--PERSONAL NAME | |
| Personal name | Vulikh, B. Z. |
| Fuller form of name | (Boris Zakharovich). |
| 9 (RLIN) | 21978 |
| 245 10 - TITLE STATEMENT | |
| Title | Introduction to functional analysis for scientists and technologists / |
| Statement of responsibility, etc. | B.Z. Vulikh ; English translation edited by Ian N. Sneddon. |
| 260 ## - PUBLICATION, DISTRIBUTION, ETC. (IMPRINT) | |
| Place of publication, distribution, etc. | Oxford : |
| Name of publisher, distributor, etc. | Pergamon, |
| Date of publication, distribution, etc. | c1963. |
| 300 ## - PHYSICAL DESCRIPTION | |
| Pagination | xi, 404 p. : |
| Illustrations | ill. ; |
| Size | 23 cm. |
| 490 1# - SERIES STATEMENT | |
| Series statement | International series of monographs in pure and applied mathematics ; |
| Volume/sequential designation | v. 32 |
| Series statement | Addison-Wesley international series in mathematics |
| 500 ## - GENERAL NOTE | |
| General note | Includes index. |
| 650 #0 - SUBJECT ADDED ENTRY--TOPICAL TERM | |
| Topical term or geographic name as entry element | Functional analysis. |
| 9 (RLIN) | 21979 |
| 700 1# - ADDED ENTRY--PERSONAL NAME | |
| Personal name | Sneddon, Ian Naismith |
| 830 #0 - SERIES ADDED ENTRY--UNIFORM TITLE | |
| Volume number/sequential designation | v. 32 |
| Uniform title | International series of monographs in pure and applied mathematics ; |
| Uniform title | Addison-Wesley international series in mathematics |
| 942 ## - ADDED ENTRY ELEMENTS (KOHA) | |
| Source of classification or shelving scheme | Dewey Decimal Classification |
| Koha item type | Books |
| Lost status | Source of classification or shelving scheme | Damaged status | Not for loan | Collection code | Permanent Location | Current Location | Shelving location | Date acquired | Source of acquisition | Cost, normal purchase price | Total Checkouts | Full call number | Date last seen | Copy number | Koha item type |
|---|---|---|---|---|---|---|---|---|---|---|---|---|---|---|---|
| Dewey Decimal Classification | Non-fiction | Central Library, University of Rajshahi | Central Library, University of Rajshahi | 19/04/1965 | Zeitlinger | 70.00 | 515.7 VUI 1963 | 13/01/2014 | C-2 | Books | |||||
| Dewey Decimal Classification | Non-fiction | Central Library, University of Rajshahi | Central Library, University of Rajshahi | 09/04/1965 | Zeitlinger | 70.00 | 515.7 VUI 1963 | 30/08/2016 | C-3 | Books |